| 000 | 00583nam a22002057a 4500 | ||
|---|---|---|---|
| 005 | 20170124110157.0 | ||
| 010 | _aB-012803 | ||
| 020 | _c80.00 | ||
| 035 | _aB-012803 | ||
| 037 | _bCen Lib/Ret | ||
| 040 |
_aDPL _bEN |
||
| 082 |
_a181.499 _bWOO |
||
| 100 |
_aWoodroffe, John _913040 |
||
| 245 |
_aThe garland of letters : _cby John Woodroffe _bstudies in the mantra sastra / |
||
| 260 |
_aPondicherry _bGanesh & company _c1979 |
||
| 270 | _bPondicherry | ||
| 300 |
_axvi,318p. _c21cm(Hb) |
||
| 650 |
_aPhilosophy _935337 |
||
| 942 |
_2ddc _cEN _h181.499 _mWOO |
||
| 999 |
_c132637 _d132637 |
||